00496nam a2200193 a 4500001001300000003000900013005001700022008004100039020002300080082001600103100001800119245002500137260003300162300000800195500003500203505002400238650002200262700001800284nice12345678IN_TiNIC20260116015004.0050524s1976 onta grp 000 0 eng  a0836137 c10000a269.2bZOR1 aZorilla, Hugo aGood News of Justice aOntariobHerald Press c1976 a87p aincludes index and biblioraphy2 aBibliography, Index aEvangelistic Work1 aZorilla, Hugo